The agouti [Dasyprocta leporina, D. aguti] : (Registro nro. 9059)

Detalles MARC
000 -CABECERA
Campo de control 01214cam a22003017a 4500
005 - FECHA Y HORA DE LA ULTIMA TRANSACCION
Campo de control 20150214093251.0
008 - ELEMENTOS DE LONGITUD FIJA—INFORMACION GENERAL
Campo de control 080703s2004 tr a 000 0 eng d
020 ## - ISBN
ISBN 9769512303
040 ## - FUENTE DE CATALOGACIÓN
Agencia catalogadora original BWS
Agencia transcriptora BWS
Agencia Modificadora OCLCQ
-- DLC
-- Co-BoIAVH
041 ## - IDIOMA
Código de idioma para texto/pista de sonido o título separado Inglés
044 ## - PAÍS DE PUBLICACIÓN
País de publicación Trinidad y Tobago
082 00 - NUMERO DE CLASIFICACION DECIMAL DEWEY
Número de clasificación 636.935
Número del ítem B87a
100 1# - ASIENTO PRINCIPAL--NOMBRE PERSONAL
Nombre personal Brown-Uddenberg, Roxann C.
245 14 - MENCION DE TITULO
Título The agouti [Dasyprocta leporina, D. aguti] :
Parte restante del título booklet and producers' manual /
Mención de responsabilidad Roxann C. Brown-Uddenberg ... [et al.].
246 3# - FORMA VARIANTE DEL TITULO
Título propiamente dicho/forma breve del título Agouti
250 ## - MENCION DE EDICION
Mención de edición 1a. ed.
260 ## - PUBLICACION, DISTRIBUCION, ETC. (PIE DE IMPRENTA)
Lugar de publicación, distribución, etc. St. Augustine, Trinidad and Tobago :
Nombre del editor, distribuidor, etc. GWG Publications,
Fecha de publicación, distribución, etc. 2004.
300 ## - DESCRIPCION FISICA
Extensión 93 p.
Otros detalles físicos il. (col) ;
Dimensiones 28 cm.
490 0# - MENCION DE SERIE
Mención de serie Wildlife Farmers' and Producers' Booklet ;
Designación numérica/secuencial del volumen No. 1
650 #0 - ASIENTO SECUNDARIO DE MATERIA - TERMINO TEMATICO
Término temático o nombre geográfico como elemento de entrada Agoutis
Subdivisión geográfica Trinidad y Tobago.
650 #0 - ASIENTO SECUNDARIO DE MATERIA - TERMINO TEMATICO
Término temático o nombre geográfico como elemento de entrada Cultura animal
Subdivisión geográfica Trinidad yTobago.
650 #0 - ASIENTO SECUNDARIO DE MATERIA - TERMINO TEMATICO
Término temático o nombre geográfico como elemento de entrada Guagua
Subdivisión de forma Conservación y producción
650 #0 - ASIENTO SECUNDARIO DE MATERIA - TERMINO TEMATICO
Término temático o nombre geográfico como elemento de entrada Lapa
Subdivisión de forma Conservación y producción
650 #0 - ASIENTO SECUNDARIO DE MATERIA - TERMINO TEMATICO
Término temático o nombre geográfico como elemento de entrada Guanta
Subdivisión de forma Conservación y producción
710 2# - ASIENTO SECUNDARIO - NOMBRE CORPORATIVO
Nombre corporativo o de jurisdicción como elemento de entrada University of the West Indies. (St. Augustine, Trinidad and Tobago). Department of Food Production.
710 2# - ASIENTO SECUNDARIO - NOMBRE CORPORATIVO
Nombre corporativo o de jurisdicción como elemento de entrada Open Tropical Forage-Animal Production Laboratory OTF-APL.
942 ## - ELEMENTOS ADICIONALES (KOHA)
Sistema de clasificación Dewey Decimal Classification
Tipo de ítem Libro
Existencias
Withdrawn status Lost status Sistema de Clasificación Damaged status No para préstamo Colección Inventariado Ubicación Permanente Ubicación actual Fecha de adquisición Fuente de Valor Valor Total Checkouts Número topográfico Inventario / Código de Barras Date last seen Ejemplar Price effective from Forma de adquisición Tipo de material
    Dewey Decimal Classification     General Inventariado 2017 Bogotá Bogotá 14/02/2015 Instituto 20000.00   LB-636.935 B87a 038770 14/02/2015 Ej. 1 14/02/2015   Libro